Les 19 Arrondissements de Montréal. - Statistiques

Statistiques générales
  • Ce quiz a été pris 1 492 fois
  • Le résultat moyen est 12 sur 19
Statistiques - réponses
Population Arrondissement % Correct
131 483 Mercier-Hochelaga-Maisonneuve
78%
134 038 Rosemont-la-petite-Patrie
78%
83 878 Montréal-Nord
75%
144 222 Villeray-Saint-Michel-Parc-Extension
73%
23 566 Outremont
72%
100 390 Plateau-Mont-Royal
72%
165 031 Côte-des-neiges-Notre-Dame-de-Grâce
71%
66 158 Verdun
70%
84 103 Ville-Marie
70%
126 891 Ahuntsic-Cartierville
68%
106 407 Rivière-des-Prairies-Pointe-aux-Trembles
63%
74 276 LaSalle
59%
41 928 Anjou
58%
93 842 Saint-Laurent
58%
41 616 Lachine
54%
75 707 Saint-Léonard
51%
68 410 Pierrefonds-Roxboro
44%
71 546 Sud-Ouest
40%
18 097 L'île-Bizard-Sainte-Geneviève
33%
Aucun quiz correspondant
Distribution des résultats
% des personnes avec chaque résultat
Percentile par nombre de réponses
Votre historique - résultats
Vous n’avez pas pris ce quiz